000 00221 a2200097 4500
001 55559
100 _a
245 _aMuhammadan Law ; muslim qanoon
260 _aLahore
_bNigarishat
_c2006
090 _c34491
_d34491
942 _aNUST-CAE
_cMONOGRAPH
_c27215
999 _c290632
_d290632